000 00489nam a2200181Ia 4500
005 20250508151443.0
008 008 250505s9999 xx 000 0 eng d
037 _aBooks to be hide in OPAC
040 _aFEDL
_beng
_cFEDL
041 _aeng
_2eng
084 _qFEDL
245 4 _aThe five-year plan: Schemes of educational development
245 0 _cMinistry of Education. Government of India
260 _c1954
300 _aii,27p.
942 _cHB
999 _c1329895
_d1329895